Loading...
| Science - Other Science | 1 | 2 | 0 | 1 | 35 | 54 | 98.67 | 1 | 2 |
| Science - Chemistry | 0 | 2 | 0 | 1 | 20 | 85 | 104.50 | 0 | 2 |
| Literature - American Literature | 0 | 1 | 0 | 1 | 10 | 147 | 147.00 | 0 | 1 |
| Literature - British Literature | 0 | 1 | 0 | 0 | 10 | 115 | 115.00 | 0 | 0 |
| Literature - European Literature | 0 | 1 | 0 | 0 | 10 | 129 | 129.00 | 0 | 1 |
| Philosophy | 0 | 1 | 0 | 0 | 10 | 120 | 120.00 | 0 | 1 |
| Pop Culture | 0 | 1 | 0 | 1 | 10 | 144 | 144.00 | 0 | 0 |
| Fine Arts - Other Fine Arts | 0 | 1 | 0 | 1 | 10 | 139 | 139.00 | 0 | 1 |
| Social Science | 0 | 1 | 0 | 0 | 10 | 99 | 99.00 | 1 | 1 |
| History - American History | 0 | 1 | 0 | 0 | 10 | 86 | 86.00 | 0 | 1 |